<?xml version="1.0" encoding="UTF-8"?>
<record
    xmlns:xsi="http://www.w3.org/2001/XMLSchema-instance"
    xsi:schemaLocation="http://www.loc.gov/MARC21/slim http://www.loc.gov/standards/marcxml/schema/MARC21slim.xsd"
    xmlns="http://www.loc.gov/MARC21/slim">

  <leader>01535cam a2200445Ii 4500</leader>
  <controlfield tag="001">11691497</controlfield>
  <controlfield tag="005">20220326193341.0</controlfield>
  <controlfield tag="008">150825t20152015enkae    b    001 0 eng d</controlfield>
  <datafield tag="020" ind1=" " ind2=" ">
    <subfield code="z">9781846381495</subfield>
  </datafield>
  <datafield tag="020" ind1=" " ind2=" ">
    <subfield code="a">9783863355548</subfield>
  </datafield>
  <datafield tag="020" ind1=" " ind2=" ">
    <subfield code="a">3863355547</subfield>
  </datafield>
  <datafield tag="024" ind1=" " ind2=" ">
    <subfield code="a">40025414481</subfield>
  </datafield>
  <datafield tag="035" ind1=" " ind2=" ">
    <subfield code="a">(OCoLC)ocn920834732</subfield>
  </datafield>
  <datafield tag="035" ind1=" " ind2=" ">
    <subfield code="a">(OCoLC)920834732</subfield>
  </datafield>
  <datafield tag="040" ind1=" " ind2=" ">
    <subfield code="a">NLE</subfield>
    <subfield code="b">eng</subfield>
    <subfield code="e">rda</subfield>
    <subfield code="c">NLE</subfield>
    <subfield code="d">YDXCP</subfield>
    <subfield code="d">SFMMA</subfield>
    <subfield code="d">NhCcYBP</subfield>
  </datafield>
  <datafield tag="082" ind1="0" ind2="4">
    <subfield code="a">700.74</subfield>
    <subfield code="b">L176c</subfield>
  </datafield>
  <datafield tag="245" ind1="0" ind2="0">
    <subfield code="a">Cultural anthropophagy :</subfield>
    <subfield code="b">the 24th Bienal de S&#xE3;o Paulo 1998 /</subfield>
    <subfield code="c">Lisette Lagnado and Pablo Lafuente (editors).</subfield>
  </datafield>
  <datafield tag="300" ind1=" " ind2=" ">
    <subfield code="a">295 p&#xE1;gs :</subfield>
    <subfield code="b">ill. (some col.), plans ;</subfield>
    <subfield code="c">22 cm.</subfield>
  </datafield>
  <datafield tag="490" ind1="1" ind2=" ">
    <subfield code="a">Exhibition histories</subfield>
  </datafield>
  <datafield tag="504" ind1=" " ind2=" ">
    <subfield code="a">Includes bibliographical references and index.</subfield>
  </datafield>
  <datafield tag="611" ind1="2" ind2="0">
    <subfield code="a">Bienal Internacional de S&#xE3;o Paulo</subfield>
    <subfield code="n">(24th :</subfield>
    <subfield code="d">1998)</subfield>
    <subfield code="9">4517</subfield>
  </datafield>
  <datafield tag="650" ind1=" " ind2=" ">
    <subfield code="a">Arte Moderno</subfield>
    <subfield code="9">145</subfield>
  </datafield>
  <datafield tag="650" ind1=" " ind2=" ">
    <subfield code="a">Bienal 24va</subfield>
    <subfield code="y">1998</subfield>
    <subfield code="z">S&#xE3;o Paulo</subfield>
    <subfield code="9">4518</subfield>
  </datafield>
  <datafield tag="650" ind1=" " ind2=" ">
    <subfield code="a">Pr&#xE1;ctica curatorial</subfield>
    <subfield code="9">4519</subfield>
  </datafield>
  <datafield tag="650" ind1=" " ind2=" ">
    <subfield code="a">Arte</subfield>
    <subfield code="z">Brasil</subfield>
    <subfield code="9">4520</subfield>
  </datafield>
  <datafield tag="700" ind1="1" ind2=" ">
    <subfield code="a">Lafuente, Pablo,</subfield>
    <subfield code="e">editor.</subfield>
    <subfield code="9">4521</subfield>
  </datafield>
  <datafield tag="700" ind1="1" ind2=" ">
    <subfield code="a">Lagnado, Lisette,</subfield>
    <subfield code="d">1961-</subfield>
    <subfield code="e">editor.</subfield>
    <subfield code="9">4522</subfield>
  </datafield>
  <datafield tag="700" ind1="1" ind2=" ">
    <subfield code="a">Marins de Oliveira, Mirtes</subfield>
    <subfield code="9">4523</subfield>
  </datafield>
  <datafield tag="700" ind1="1" ind2=" ">
    <subfield code="a">M&#xF6;rsch, Carmen</subfield>
    <subfield code="9">4524</subfield>
  </datafield>
  <datafield tag="700" ind1="1" ind2=" ">
    <subfield code="a">Seefranz, Catrin</subfield>
    <subfield code="9">4525</subfield>
  </datafield>
  <datafield tag="700" ind1="1" ind2=" ">
    <subfield code="a">Sztutman, Renato</subfield>
    <subfield code="9">4526</subfield>
  </datafield>
  <datafield tag="700" ind1="1" ind2=" ">
    <subfield code="a">Fraser, Andrea</subfield>
    <subfield code="9">4527</subfield>
  </datafield>
  <datafield tag="700" ind1="1" ind2=" ">
    <subfield code="a">Morris, David</subfield>
    <subfield code="9">4528</subfield>
  </datafield>
  <datafield tag="700" ind1="1" ind2=" ">
    <subfield code="a">Andrade, Oswald de</subfield>
    <subfield code="9">4529</subfield>
  </datafield>
  <datafield tag="700" ind1="1" ind2=" ">
    <subfield code="a">Herkenhoff, Paulo</subfield>
    <subfield code="9">3073</subfield>
  </datafield>
  <datafield tag="700" ind1="1" ind2=" ">
    <subfield code="a">Ellegaard, Line</subfield>
    <subfield code="9">4530</subfield>
  </datafield>
  <datafield tag="700" ind1="1" ind2=" ">
    <subfield code="a">Dias &amp; Riedweg</subfield>
    <subfield code="9">2750</subfield>
  </datafield>
  <datafield tag="830" ind1=" " ind2="0">
    <subfield code="a">Exhibition histories.</subfield>
    <subfield code="9">4101</subfield>
  </datafield>
  <datafield tag="948" ind1="1" ind2=" ">
    <subfield code="a">20160119</subfield>
    <subfield code="b">c</subfield>
    <subfield code="c">pg2032</subfield>
    <subfield code="d">MPS</subfield>
  </datafield>
  <datafield tag="999" ind1=" " ind2=" ">
    <subfield code="c">830</subfield>
    <subfield code="d">830</subfield>
  </datafield>
  <datafield tag="952" ind1=" " ind2=" ">
    <subfield code="0">0</subfield>
    <subfield code="1">0</subfield>
    <subfield code="2">ddc</subfield>
    <subfield code="4">0</subfield>
    <subfield code="7">0</subfield>
    <subfield code="a">LV</subfield>
    <subfield code="b">LV</subfield>
    <subfield code="c">Eventos y Bienales</subfield>
    <subfield code="d">2016-01-25</subfield>
    <subfield code="l">0</subfield>
    <subfield code="o">700.74 L176c</subfield>
    <subfield code="p">004129</subfield>
    <subfield code="r">2016-01-25 00:00:00</subfield>
    <subfield code="w">2016-01-25</subfield>
    <subfield code="y">01</subfield>
  </datafield>
</record>
